POWER OF STRATEGY INNOVATION A NEW WAY OF LINKING CREAT (Record no. 32779)

MARC details
000 -LEADER
fixed length control field 00384nam a2200133Ia 4500
008 - FIXED-LENGTH DATA ELEMENTS--GENERAL INFORMATION
fixed length control field 240624s9999 xx 000 0 und d
041 ## - LANGUAGE CODE
Language code of text/sound track or separate title eng
082 ## - DEWEY DECIMAL CLASSIFICATION NUMBER
Classification number 658.4012 JOH
100 ## - MAIN ENTRY--PERSONAL NAME
Personal name JOHNSTON E ROBERT
245 ## - TITLE STATEMENT
Title POWER OF STRATEGY INNOVATION A NEW WAY OF LINKING CREAT
260 ## - PUBLICATION, DISTRIBUTION, ETC.
Date of publication, distribution, etc. 2013
Place of publication, distribution, etc. New York
Name of publisher, distributor, etc. AMERICAN MANAGEMENT ASSOCIATION
300 ## - PHYSICAL DESCRIPTION
Extent xxiv,308P. ;23 cm.
365 ## - TRADE PRICE
Currency code
Price amount 33
Holdings
Withdrawn status Lost status Damaged status Not for loan Home library Current library Shelving location Date acquired Full call number Barcode Date last seen Copy number Price effective from Koha item type
        IMTN IMTN Rack 28-B 01/07/2022 658.4012 JOH 32779 06/24/2024 78.2 06/24/2024 Books
Designed & Maintained by: LRC IMT Nagpur Contact: lrc@imtnag.ac.in© 2024. All Rights Reserved.